00638nam a2200193Ia 4500003000900000008004100009040001300050040001300063041000800076100002100084100000900105245004700114250001100161260002800172260000900200300001000209490000600219600021900225IT-RoPAU120407s9999 xx 000 0 und d aIT-RoPAU cIT-RoPAU aita aClaudio Leonardi ccur. aCristo (Il). Testi teologici e spirituali. aMilano aMondadori - Fond. Valla c1985 c20 cm v1 a"Vol. 1 : Dal I al IV secolo. a cura di Antonio Orbe. p. 427 Vol. 2 : Dal IV al VII secolo. a cura di Manlio Simonetti. p. 656 Vol. 3 : Da Agostino ad Anselmo di Canterbury. a cura di Claudio Leonardi. p. 635"